000 00374cam a2200145ua 4500
041 _aeng
_h
082 _a828.09
_bWHI/YE
100 _aWhite, Beatrice .
245 _aYear`s work in English studies vol-XLIV /
_cBeatrice white.
_hTextual Documents
260 _a :
_bEnglish association ,
_c1965.
300 _a375 ; .
504 _a
942 _cBK
999 _c4876
_d4876